ბათუმის შოთა რუსთაველის სახელმწიფო უნივერსიტეტის ბიბლიოთეკა

Изготовление и монтаж технологических трубопроводов (ბიბ.ჩანაწერი № 36992)

000 -LEADER
fixed length control field 00591nam a2200205Ia 4500
001 - CONTROL NUMBER
control field 2944
003 - CONTROL NUMBER IDENTIFIER
control field GE_BSU
008 - FIXED-LENGTH DATA ELEMENTS--GENERAL INFORMATION
fixed length control field 181216s||||||||xx |||||||||||||| ||und||
040 ## - CATALOGING SOURCE
Transcribing agency GE_BSU
080 ## - UNIVERSAL DECIMAL CLASSIFICATION NUMBER
Universal Decimal Classification number 621.643.002
100 ## - MAIN ENTRY--PERSONAL NAME
Personal name Батенчук,А.Н
245 ## - TITLE STATEMENT
Title Изготовление и монтаж технологических трубопроводов
250 ## - EDITION STATEMENT
Edition statement изд.Второе дополненное и исправленное
260 ## - PUBLICATION, DISTRIBUTION, ETC.
Place of publication, distribution, etc. М
260 ## - PUBLICATION, DISTRIBUTION, ETC.
Name of publisher, distributor, etc. Гостоптехиздат
260 ## - PUBLICATION, DISTRIBUTION, ETC.
Date of publication, distribution, etc. 1971
300 ## - PHYSICAL DESCRIPTION
Extent 304 стр
300 ## - PHYSICAL DESCRIPTION
Dimensions 20 см
942 ## - ADDED ENTRY ELEMENTS (KOHA)
Koha item type წიგნი

არაა ხელმისაწვდომი ეგზემპლარები.